1260 1401 1560 1416 1893 1868 1723 1060 1538 1983 1752 1273 1231 1224 1505 1301 1985 1304 1551 1359 1333 1237 1911 1448 1732 1107 1543 1500 1005 1308 1250 1274 1312 1779 1300 1306 1363 1689 1841 1723 1568 1056 1210 1885 1281 1725 1802 1767 1578 1977 1683 1511 1826 1320 1337 1238 1874 1015 1852 1298 1093 1665 1021 1009 1977 1478 1267 1705 1189 1760 1068 1431 1293 1025 1348 1277 1346 1336 1373 1969 1331 1008 1435 1692 1739 1150 1449 1750 1028 1886 1097 1818 1105 1813 1500 1828 1226 1430 1549 BCNSPRNW ULIB Ver.6.0+V

เปลี่ยนเป็นภาษาไทย

Change to English
 แสดงรายละเอียดบรรณานุกรม
  กลับหน้าหลัก

Brief Record : Get Marc (ISO 2709) : E-mail record : QR code < ปิดหน้าต่าง
LEADER : 00000nam 2200000uu 4500
001    13399113875
003     ULIB
008    120110s||||||||th 000 0 tha d
099    วจ.WY18^bส143ป
100 0  ส่งศรี กิตติรักษ์ตระกูล
245 00 ปัจจัยที่ส่งผลต่อการบริหารจัดการระบบผลิตพยาบาลวิชาชีพของกระทรวงสาธารณสุข/^cส่งศรี กิตติรักษ์ตระกูล
260    นนทบุรี :^bสถาบันพระบรมราชชนก,^c2553
300    214 หน้า :^bตาราง
500    รายงานการวิจัย
650  7 การจัดการศึกษาพยาบาล^xวิจัย
650  7 การศึกษา^xวิจัย
710    สถาบันพระบรมราชชนก
945    ^p0^l0^i030935
995    ทศพร
999 ^a ทศพร
รายการนี้ยังไม่มีแท็ก
คุณยังไม่ได้ล็อกอิน คุณสามารถมีกิจกรรมร่วมกับเว็บไซต์ได้ แต่ต้องล็อกอินก่อน ::
  ล็อกอิน

รายการสื่อสารสนเทศ

ลำดับที่ ประเภท เลขเรียก/บาร์โค้ด สถานที่ สถานะ
1. งานวิจัย
งานวิจัย
วจ.WY18 ส143ป  
  Barcode: 030935
ห้องสมุดวิทยาเขตสวรรค์ประชารักษ์
►วิจัย
บนชั้น

รายการใกล้เคียง
    ผู้แต่ง [ส่งศรี กิตติรักษ์ตระกูล]

BibComment


ยังไม่เคยถูกคอมเมนท์

คอมเมนท์ทรัพยากรรายการนี้
  คอมเมนท์: ปัจจัยที่ส่งผลต่อ..


 Copyright 2026. Bcnsprnw @Library